A szabadság művelődéspolitikája Garai Tibor beszélgetése Lukács Györggyel a Tanácsköztársaságról

Elmentve itt :
Bibliográfiai részletek
További közreműködők: Garai Tibor
Lukács György
Adatforrás:Philobibl
Forrásdokumentuma:Élet és Irodalom
1975:11. (márc. 15.) 5. p.
Dokumentumtípus: Cikk
Nyelv:magyar
Kulcsszavak:művelődéspolitika
Tanácsköztársaság
Online elérés:előfizetéssel hozzáférhető
LEADER 00605nab a2200145 c 4500
001 bibPHI0038636
005 20231003104951.7
008 100615s1975 hu hun
245 0 2 |a A szabadság művelődéspolitikája  |b Garai Tibor beszélgetése Lukács Györggyel a Tanácsköztársaságról 
695 |a művelődéspolitika 
695 |a Tanácsköztársaság 
700 1 |a Garai Tibor 
700 1 |a Lukács György 
773 0 |t Élet és Irodalom  |g 1975:11. (márc. 15.) 5. p. 
856 4 1 |3 Full text  |u https://adt.arcanum.com/hu/view/EletesIrodalomIrodalmiUjsag_1975_1/?pg=164&layout=s  |z előfizetéssel hozzáférhető